000 00318nam a2200121Ia 4500
008 191201s1990 xx 000 0 und d
100 _aCRAIEVICH, Aldo
245 0 _aSynchrotron Light Applications and Related Instrumentation
260 _bWorld Scientific
_c1990
300 _a299
650 _aApplied
942 _2ddc
_cBK
999 _c650
_d650